Cities With One Million People by Letter - J - Statistics

General Stats
  • This quiz has been taken 1,330 times
  • The average score is 7 of 16
Answers on the Map
Answers color-coded by a green-red scale on the quiz's map according to % correct below.
 
Answer Stats
City % Correct
Johannesburg
96%
Jakarta
94%
Jacksonville
91%
Jeddah
90%
Jaipur
73%
Jinan
42%
Jodhpur
40%
Jilin
29%
João Pessoa
24%
Jamshedpur
17%
Jabalpur
16%
Jining
12%
Jinzhou
10%
Jiangyin
8%
Jiaozuo
6%
Jullundur
4%
No matching quizzes found
Score Distribution
Percent of People with Each Score
Percentile by Number Answered
Your Score History
You have not taken this quiz